=LDR 00000nam 2200000 4500 =001 INLIS000000000054356 =990 ##$$a 61901114 =990 ##$$a 61901117 =990 ##$$a 61901116 =990 ##$$a 61901115 =005 20200122124206 =990 ##$$a 61901117 =990 ##$$a 61901116 =990 ##$$a 61901117 =990 ##$$a 61901117 =035 ##$$a 0010-0120000134 =990 ##$$a 61901115 =990 ##$$a 61901115 =990 ##$$a 61901116 =990 ##$$a 61901116 =007 ta =990 ##$$a 61901115 =990 ##$$a 61901114 =990 ##$$a 61901114 =990 ##$$a 61901114 =008 200122###########################0#ind## =020 ##$$a 978-979-794-588-6 =082 ##$$a 899.221 3 =084 ##$$a 899.221 3 Shi c =100 #$$a Shindy Farrahdiba =245 1#$$a Cerita kulkas /$c Shindy Farrahdiba =260 ##$$a Jakarta :$b Media kita,$c 2019 =300 ##$$a iv, 204 hlm ; $c 19 Cm. =600 #4$$a Fiksi indonesia =990 ##$$a 05500550 =990 ##$$a 05500550 =990 ##$$a 05500550 =990 ##$$a 05500550 =990 ##$$a 61901114 =990 ##$$a 6202000550 =990 ##$$a 6202000551 =990 ##$$a 6202000552 =990 ##$$a 61901115 =990 ##$$a 6202000550 =990 ##$$a 6202000551 =990 ##$$a 61901114 =990 ##$$a 61901116 =990 ##$$a 6202000550 =990 ##$$a 61901115 =990 ##$$a 61901114 =990 ##$$a 61901117 =990 ##$$a 61901116 =990 ##$$a 61901115 =990 ##$$a 61901114